• 首页
  • 本馆介绍
  • 公告通知
  • 最新文献
  • 馆藏检索
  • 电子资源
  • 读者导购
  • 参考咨询
  • 我的图书馆
  • 登录
  • 详细信息显示
  • 放入我的书架
  • 预约/预借图书
  • 作者相关作品
  • 分类相关作品
  • 丛书相关作品
  • 出版社相关作品

书目信息

  • 表格格式
  • 工作单格式
  • 卡片格式
题名:
中国盆景名园藏品集
    
 
作者: 韦金笙 主编
分册:  
出版信息: 合肥   安徽科学技术出版社  2014
页数: 275页
开本: 26cm
丛书名: 中国盆景艺术系列
单 册:
中图分类: S688.1-64
科图分类:
主题词: 盆景--观赏园艺--中国--图集
电子资源:
ISBN: 978-7-5337-6231-5
000 01128oam2 22002771 450
001 012015000065
005 20150914162628.10
010    @a978-7-5337-6231-5@dCNY95.00
100    @a20140727d2014 em y0chiy0110 ea
101 0  @achi
102    @aCN@b340000
105    @aa z 000yy
106    @ar
200 1  @a中国盆景名园藏品集@Azhong guo pen jing ming yuan cang pin ji@dCollected articles of well-known Chinese miniature landscape@f韦金笙主编@zeng
205    @a2版@b修订版
210    @a合肥@c安徽科学技术出版社@d2014
215    @a275页@c照片@d26cm
225 2  @a中国盆景艺术系列
330    @a本书精选34家中国盆景名园500件珍贵盆景藏品,每件藏品均有精美的彩图展示和简明的说明及赏析文字。这些藏品艺术价值极高,有的已有百年历史,极其珍贵。很多藏品都是在本书中第一次公开发布。此外,每家名园的历史及藏品特色,书中也有介绍。
461  0 @12001 @a中国盆景艺术系列
510 1  @aCollected articles of well-known Chinese miniature landscape@zeng
606 0  @a盆景@x观赏园艺@y中国@j图集
690    @aS688.1-64@v5
701  0 @a韦金笙@Awei jin sheng@4主编
801  0 @aCN@b碧洲教育@c20150716
905    @a10447@f4@dS688.1-64@e370=2
    
    中国盆景名园藏品集=Collected articles of well-known Chinese miniature landscape/韦金笙主编.-2版,修订版.-合肥:安徽科学技术出版社,2014
    275页:照片;26cm.-(中国盆景艺术系列)
    
    
    ISBN 978-7-5337-6231-5:CNY95.00
    本书精选34家中国盆景名园500件珍贵盆景藏品,每件藏品均有精美的彩图展示和简明的说明及赏析文字。这些藏品艺术价值极高,有的已有百年历史,极其珍贵。很多藏品都是在本书中第一次公开发布。此外,每家名园的历史及藏品特色,书中也有介绍。
●
相关链接 在E读中查询图书 在五车中查询图书 在当当中查询图书 在豆瓣中查询图书


正题名:中国盆景名园藏品集     索取号:S688.1-64/370=2         预约/预借

序号 登录号 条形码 馆藏地/架位号 状态 备注
1 0870745   208707452   第二样本阅览室/ [索取号:S688.1-64/370=2] 在馆    
2 0870746   208707461   第三借阅区/ [索取号:S688.1-64/370=2] 在馆    
3 0870747   208707470   第三借阅区/ [索取号:S688.1-64/370=2] 在馆    
4 0870748   208707489   第三借阅区/ [索取号:S688.1-64/370=2] 在馆    
唐山师范学院图书馆 欢迎您!
大连网信软件有限公司© 版权所有